|
|
|
|
| LEADER |
00870cam a2200241 7i4500 |
| 001 |
0000021816 |
| 005 |
20120529090000.0 |
| 008 |
080418 eng |
| 020 |
|
|
|a 041533182X (hbk.)
|
| 020 |
|
|
|a 9780415331821
|
| 040 |
|
|
|a DLC
|
| 090 |
0 |
0 |
|a GV713
|b .G76 2005
|
| 100 |
1 |
|
|a Green, Mick
|
| 245 |
1 |
0 |
|a Elite sport development :
|b policy learning and political priorities
|c Mick Green and Barrie Houlihan.
|
| 260 |
|
|
|a London:
|b Routledge,
|c 2005.
|
| 300 |
|
|
|a xiii, 219 p.:
|b ill.;
|c 24 cm.
|
| 504 |
|
|
|a Includes bibliographical references and index
|
| 650 |
0 |
0 |
|a Sports administration --
|z Australia
|
| 650 |
0 |
0 |
|a Sports and state --
|z Great Britain
|
| 650 |
0 |
0 |
|a Sports administration --
|z Great Britain
|
| 700 |
1 |
|
|a Houlihan, Barrie
|
| 998 |
|
|
|a Sport Management Industry, Diploma
|
| 999 |
|
|
|a 0000030662
|b BOK
|c OPEN SHELF
|e 1st Floor, Shah Alam
|